| 000 | 00458nam a2200157Ia 4500 | ||
|---|---|---|---|
| 008 | 210210b1969 xxu||||| |||| 00| 0 eng d | ||
| 082 | _a515.35 RAIE | ||
| 100 | _aRAINVILLE (Earl D) & BEDIENT (Phillip E). | ||
| 245 | _aElementary differential equations. Ed.5 | ||
| 250 | _a | ||
| 260 |
_aLondon _bMacmillan Publishers Ltd. _c1969 |
||
| 300 | _a511 | ||
| 650 | _aElementary differential equations | ||
| 690 | _aDifferential Equations | ||
| 906 | _aSG00565 | ||
| 999 |
_c112153 _d112153 |
||